| 000 | 00428nam a2200157 i 4500 | ||
|---|---|---|---|
| 001 | 142300 | ||
| 003 | ES-MaACL | ||
| 005 | 20230906200505.0 | ||
| 007 | t| | ||
| 008 | 071004s1951 xxu ||||1| eng d | ||
| 100 | 1 |
_aWinkler, Max. _9117091 |
|
| 245 | 1 | 2 |
_aA penny from Heaven / _cby Max Winkler. |
| 260 |
_aNew York : _bAppleton-Century-Crofts, _c1951. |
||
| 300 |
_a310 p. ; _c20 cm. |
||
| 852 |
_aES-MaACL _jC-25314 _bR.54132 |
||
| 999 |
_c142300 _d142300 |
||